Statistics for Slay the Spire - All Ironclad Cards

Click here to take the quiz!

General Stats

  • This quiz has been taken 45 times
  • The average score is 38 of 75

Answer Stats

RarityTypeAnswer% Correct
Common (Starter)AttackStrike
100%
Common (Starter)SkillDefend
97%
Common (Starter)AttackBash
93%
RarePowerDemon Form
93%
RarePowerBarricade
80%
UncommonPowerInflame
77%
RareSkillOffering
77%
RarePowerCorruption
73%
CommonSkillShrug it Off
73%
RareAttackBludgeon
70%
CommonAttackPerfected Strike
70%
CommonAttackPommel Strike
70%
CommonAttackCleave
67%
CommonAttackSword Boomerang
67%
CommonAttackHeavy Blade
63%
UncommonSkillSeeing Red
63%
UncommonAttackUppercut
63%
UncommonAttackWhirlwind
63%
UncommonSkillBloodletting
60%
UncommonPowerEvolve
60%
RareAttackFeed
60%
UncommonPowerFeel No Pain
60%
CommonAttackTwin Strike
60%
UncommonPowerDark Embrace
57%
RareSkillLimit Break
57%
CommonAttackWild Strike
57%
CommonAttackAnger
53%
RareSkillDouble Tap
53%
UncommonSkillEntrench
53%
UncommonPowerFire Breathing
53%
CommonSkillFlex
53%
UncommonSkillSpot Weakness
53%
CommonAttackClash
50%
CommonAttackClothesline
50%
UncommonPowerCombust
50%
RareAttackImmolate
50%
RarePowerJuggernaut
50%
UncommonPowerRupture
50%
UncommonSkillSecond Wind
50%
CommonAttackThunderclap
50%
CommonSkillTrue Grit
50%
RarePowerBerserk
47%
UncommonAttackDropkick
47%
UncommonSkillBattle Trance
43%
RareAttackFiend Fire
43%
UncommonSkillFlame Barrier
43%
RareSkillImpervious
43%
RareAttackReaper
43%
UncommonSkillShockwave
43%
RareSkillExhume
40%
UncommonAttackPummel
40%
UncommonSkillRage
40%
CommonAttackBody Slam
37%
RarePowerBrutality
37%
UncommonSkillBurning Pact
37%
UncommonSkillDual Wield
37%
UncommonSkillIntimidate
37%
UncommonSkillPower Through
37%
CommonSkillArmaments
33%
CommonAttackHeadbutt
33%
UncommonAttackHemokinesis
33%
UncommonPowerMetallicize
33%
UncommonAttackRampage
33%
CommonSkillWarcry
33%
UncommonAttackBlood for Blood
30%
UncommonSkillDisarm
30%
CommonAttackIron Wave
30%
UncommonAttackSearing Blow
30%
UncommonSkillSentinel
30%
UncommonAttackReckless Charge
27%
UncommonAttackSever Soul
27%
UncommonAttackCarnage
23%
CommonSkillHavoc
23%
UncommonSkillInfernal Blade
23%
UncommonSkillGhostly Armor
20%

Score Distribution

Percentile by Number Answered

Percent of People with Each Score

Your Score History

You have not taken this quiz